书目信息 |
| 题名: |
和谐与自由的保证
|
|
| 作者: | 魏特林 , Weitling 著 ;孙则明 译 | |
| 分册: | ||
| 出版信息: | 北京 商务印书馆 1960 |
|
| 页数: | 352页 | |
| 开本: | 20cm | |
| 丛书名: | ||
| 单 册: | ||
| 中图分类: | D091.6 , D0 | |
| 科图分类: | ||
| 主题词: | 乌托邦--德国--十九世纪 , 政治理论 | |
| 电子资源: | ||
| ISBN: | ||
| 000 | 00932nam0 2200313 450 | |
| 001 | 1558384283 | |
| 005 | 20150120161327.06 | |
| 010 | @dCNY1.05 | |
| 091 | @a3017.40 | |
| 100 | @a19950713e19791960emky0chiy0110 ea | |
| 101 | 1 | @achi@cger |
| 102 | @aCN@b110000 | |
| 105 | @ay z 000yy | |
| 200 | 1 | @a和谐与自由的保证@9he xie yu zi you de bao zheng@f(德)魏特林(W.Weitling)著@g孙则明译 |
| 210 | @a北京@c商务印书馆@d1960@h1979重印 | |
| 215 | @a352页@d20cm | |
| 300 | @a书名原文:Garantien der Harmonie und Freiheit | |
| 304 | @aW.魏特林,19世纪德国无产阶级杰出处思想家之一 | |
| 510 | 1 | @aGarantien der harmonie und Freiheit@zfre |
| 606 | 0 | @a乌托邦@y德国@z十九世纪 |
| 606 | 0 | @a政治理论 |
| 610 | 0 | @a自由 |
| 690 | @aD091.6@v5 | |
| 690 | @aD0@v4 | |
| 701 | 0 | @a魏特林@9wei te lin@bW.@4著 |
| 701 | 0 | @aWeitling@bW.@4著 |
| 702 | 0 | @a孙则明@9sun ze ming@4译 |
| 801 | 0 | @aCN@bTSSF@c20150120 |
| 905 | @aZUCC@dD0@eJY19 | |
| 和谐与自由的保证/(德)魏特林(W.Weitling)著/孙则明译.-北京:商务印书馆,1960(1979重印) |
| 352页;20cm |
| 书名原文:Garantien der Harmonie und Freiheit |
| ISBN :CNY1.05 |
| ● |
| 相关链接 |
|
|
|
|
正题名:和谐与自由的保证
索取号:D0/JY19
 
预约/预借
| 序号 | 登录号 | 条形码 | 馆藏地/架位号 | 状态 | 备注 |
| 1 | 7836283 | 278362834 | 学院路分馆/ [索取号:D0/JY19] | 在馆 |